000 01690nam a22003857a 4500
003 PE-LiUPU
005 20250731173556.0
008 221222b |||||||| |||| 00| 0 spa d
040 _aPE-LiUPU
_bspa
_cPE-LiUPU
_erda
082 _a266.673
_bH749l
100 _aHolmes C., Raymond,
_eAutor.
_9892
245 _aLa punta de un Iceberg :
_bautoridad bíblica, interpretación bíblica, y la ordenación de la mujer al ministerio /
_cC. Raymond Holmes, D. Min.
250 _a1a edición.
264 _aMichigan :
_bAdventists Affirm,
_c1995.
300 _a188 páginas :
_c22 centímetros.
500 _aTitulo del libro original en Ingles: The tip of an Iceberg,
504 _aIncluye bibliografia al final de cada capitulo,
505 _aSola scriptura: una peregrinación personal. -- Dos métodos divergentes de interpretación -- Elena G. White y la Biblia. -- Autoridad completa de la Biblia. -- La punta del Iceberg: su fundamento ideológico. -- La punta del iceberg: su ideología feminista. -- La punta del iceberg: una crítica. -- Pasajes bíblicos pertinentes al tema. -- El iceberg en otras aguas. -- El adventismo en un cruce de caminos. -- Apéndice A -- Apéndice B.
526 _aSEG42
526 _aSEG41
526 _aSEG40
526 _aSEG39
526 _aP94
526 _aP87
526 _aP86
526 _aP85
526 _aP77
526 _aP76
526 _aP35
650 0 _aMujeres en el ministerio (IASD).
_9893
700 _aMin, D.
_eAutor.
_9894
700 _aDe Calandra, Viviana W.
_eTraducción.
_9895
942 _2ddc
_cBK
_n0
980 _622041
_aELI VALDERRAMA Analista Documental
_81
_gALBERTO SANCHEZ Responsable de Automatización
999 _c61686
_d61686